[Event "Blitz"]
[Site "Reykjavik ISL"]
[Date "2004.03.17"]
[Round "13"]
[White "Petursson,M"]
[Black "Stefansson,H"]
[Result "0-1"]
[WhiteElo "2540"]
[BlackElo "2572"]

1.c4 Nf6 2.Nc3 c5 3.Nf3 e6 4.e3 d5 5.d4 Nc6 6.a3 a6 7.dxc5 Bxc5 8.b4 Ba7
9.Bb2 O-O 10.Qc2 Qe7 11.Rd1 dxc4 12.Bxc4 b5 13.Bd3 Bb7 14.Ne4 Nd5 15.O-O f5
16.Nc5 Ncxb4 17.axb4 Nxb4 18.Qc3 Bxc5 19.Bb1 Nd5 20.Qb3 Bd6 21.e4 fxe4 22.Bxe4 Rad8
23.Rfe1 Nf4 24.g3 Bxe4 25.Rxe4 Qb7 26.Rde1 Qd5 27.Qc3 Nh5 28.Nd4 e5 29.Nf3 b4
30.Qe3 Nf6 31.Rh4 Bc5 32.Qe2 e4 33.Ne5 Rde8 34.Nc4  0-1

[Event "TCh-AUT 2003-4"]
[Site "Jenbach AUT"]
[Date "2004.03.21"]
[Round "11"]
[White "Shchekachev,A"]
[Black "Rotstein,A"]
[Result "1-0"]
[WhiteElo "2520"]
[BlackElo "2519"]

1.Nf3 c5 2.c4 Nf6 3.Nc3 d5 4.cxd5 Nxd5 5.d4 Nxc3 6.bxc3 g6 7.Bg5 Bg7 8.e3 Nc6
9.Be2 cxd4 10.cxd4 Qa5+ 11.Qd2 Be6 12.O-O Qxd2 13.Nxd2 Bd5 14.Rab1 O-O 15.Bc4 Rfd8
16.Rfc1 Bxc4 17.Nxc4 Rd7 18.Bf4 Re8 19.Rb5 a6 20.Rc5 Nb4 21.Nb6 Rdd8 22.Bc7 Nd3
23.Bxd8 Nxc1 24.Rxc1 Rxd8 25.Rc7 e5 26.d5 e4 27.Rxb7 Rd6 28.Nc8 Rd8 29.Ne7+ Kf8
30.Nc6 Ra8 31.g4 Bf6 32.a4 h5 33.gxh5 gxh5 34.Kg2 Kg7 35.d6 Rg8 36.Rb8 Rxb8
37.Nxb8 Kf8 38.Nd7+ Kg7 39.Nxf6 Kxf6 40.Kg3 Ke6 41.Kh4  1-0

[Event "1st Savaria IM"]
[Site "Szombathely HUN"]
[Date "2004.03.29"]
[Round "8"]
[White "Srebrnic,A"]
[Black "Kiss,At"]
[Result "1/2-1/2"]
[WhiteElo "2206"]
[BlackElo "2393"]

1.Nf3 c5 2.c4 Nf6 3.Nc3 b6 4.g3 Bb7 5.Bg2 g6 6.O-O Bg7 7.Re1 d5 8.d4 dxc4
9.dxc5 Qxd1 10.Rxd1 Nbd7 11.cxb6 Nxb6 12.Ne1 Bxg2 13.Nxg2 O-O 14.Be3 Rab8
15.Bc5 Rb7 16.Rac1 Rc8 17.Ba3 Kf8 18.Kf1 Ke8 19.h3 h5 20.Rc2 a6 21.Nf4 e6
22.Ke1 g5 23.Ng2 Nbd5 24.Nxd5 Nxd5 25.Rdc1 c3 26.Ne3 Nxe3 27.fxe3 Be5 28.Kf2 g4
29.hxg4 hxg4 30.bxc3 Kd7 31.Rh1 Rxc3 32.Rxc3 Bxc3 33.Rd1+ Ke8 34.Rd6 a5 35.Ra6 Kd7
36.Bc5 Rb5 37.Bd4 Rf5+ 38.Kg2 Bxd4 39.exd4 Kc7 40.a3 Kb7 41.Rd6 a4 42.Rd7+ Kb6
43.Rd8 Rd5 44.Rb8+ Ka5 45.Ra8+ Kb5 46.Rb8+ Ka5 47.Ra8+ Kb5 48.Rb8+ Ka5 49.Ra8+  1/2-1/2

[Event "It"]
[Site "Pinamar ARG"]
[Date "2004.04.01"]
[Round "9"]
[White "Marques,V"]
[Black "Lopez Silva,H"]
[Result "1/2-1/2"]
[WhiteElo "2403"]
[BlackElo "2353"]

1.Nf3 Nf6 2.c4 e6 3.Nc3 c5 4.e3 g6 5.d4 Bg7 6.Be2 O-O 7.O-O cxd4 8.exd4 d5
9.Bg5 dxc4 10.Bxc4 Nbd7 11.Qd2 Nb6 12.Bb3 Qd6 13.Rfe1 Nbd5 14.Ne5 a6 15.Rac1 Nxc3
16.bxc3 b5 17.Bh6 Bb7 18.Bxg7 Kxg7 19.Re3 Rad8 20.Rh3 Ng8 21.Qf4 b4 22.Qh4 h6
23.Rd1 bxc3 24.Rxc3 Bd5 25.h3 Nf6 26.Ng4 Qf4 27.Qxf6+ Qxf6 28.Nxf6 Kxf6 29.Rc7 Bxb3
30.axb3 Rd5 31.Ra1 Ra8 32.Ra4 Rb5 33.b4 Rd5 34.Rc4 Kf5  1/2-1/2

[Event "V Millennium Festival"]
[Site "Virginia Beach USA"]
[Date "2004.04.03"]
[Round "2"]
[White "Donaldson,J"]
[Black "Reichstein,B"]
[Result "1-0"]
[WhiteElo "2460"]
[BlackElo "2217"]

1.Nf3 c5 2.c4 Nf6 3.Nc3 e6 4.g3 Nc6 5.Bg2 d5 6.cxd5 Nxd5 7.O-O Nxc3 8.bxc3 e5
9.d3 Be7 10.Nd2 O-O 11.Nc4 Qc7 12.Rb1 Be6 13.Qa4 Bd7 14.Ne3 Qc8 15.Nd5 Bd6
16.Qh4 Qd8 17.Bg5 f6 18.Be4 h6 19.Bxh6 gxh6 20.Qxh6 f5 21.Nf6+ Rxf6 22.Bd5+ Be6
23.Bxe6+ Rxe6 24.Qxe6+ Kh8 25.Rxb7  1-0

[Event "ch-DEN"]
[Site "Koge DEN"]
[Date "2004.04.04"]
[Round "1.1"]
[White "Rasmussen,K"]
[Black "Sorensen,Ja"]
[Result "1/2-1/2"]
[WhiteElo "2468"]
[BlackElo "2402"]

1.Nf3 Nf6 2.c4 c5 3.Nc3 g6 4.d4 cxd4 5.Nxd4 Nc6 6.g3 Bg7 7.Bg2 Qa5 8.O-O Qc5
9.Ndb5 O-O 10.Bf4 d6 11.Rc1 Qh5 12.e4 Be6 13.Nd5 Qxd1 14.Rfxd1 a6 15.Nbc7 Rac8
16.Nxe6 fxe6 17.Nb6 Rcd8 18.b3 e5 19.Be3 Ng4 20.Bh3 Nxe3 21.fxe3 Bh6 22.Nd5 Rf3
23.Kg2 Rdf8 24.Rf1 Bxe3 25.Rxf3 Bxc1 26.Rxf8+ Kxf8 27.Bc8 Nd8 28.b4 Ba3 29.b5 a5
30.Kf3 Kf7 31.h4 Bc5 32.g4 Bd4 33.g5 e6 34.Nf6 h6 35.Bd7 hxg5 36.hxg5 Bc5
37.Be8+ Kg7 38.Kg4 Be3 39.Bd7 Kf8 40.Be8 Kg7 41.Bd7  1/2-1/2

[Event "77th ch-city"]
[Site "St Petersburg RUS"]
[Date "2004.04.05"]
[Round "5"]
[White "Feofanov,D"]
[Black "Ionov,S"]
[Result "0-1"]
[WhiteElo "2281"]
[BlackElo "2538"]

1.Nf3 Nf6 2.c4 e6 3.Nc3 c5 4.d4 cxd4 5.Nxd4 Bb4 6.g3 O-O 7.Bg2 d5 8.cxd5 Nxd5
9.Bd2 Bxc3 10.bxc3 Nb6 11.Rb1 e5 12.Nc2 Qc7 13.Ne3 Rd8 14.Qc1 Nc6 15.c4 Be6
16.O-O Rac8 17.Re1 Qe7 18.Rb5 f6 19.Kf1 Qf7 20.c5 Nc4 21.Rd1 Rd7 22.a3 Nd4
23.Rb4 Rxc5 24.Bc3 Nxe3+ 25.fxe3 Nb5 26.Rxd7 Qxd7 27.Rxb5 Qxb5 28.Qd2 Qd7
29.Qb2 b6 30.Bb4 Qd1+  0-1

[Event "ch-HUN U20"]
[Site "Budapest HUN"]
[Date "2004.04.07"]
[Round "3"]
[White "Szabo,Ba"]
[Black "Leviczki,T"]
[Result "0-1"]
[WhiteElo "2141"]
[BlackElo "2251"]

1.Nf3 c5 2.c4 Nf6 3.Nc3 d5 4.cxd5 Nxd5 5.e4 Nxc3 6.bxc3 g6 7.d4 Bg7 8.Rb1 O-O
9.Be2 Qa5 10.Bd2 Qxa2 11.O-O Qe6 12.Ng5 Qd7 13.d5 h6 14.Nf3 e6 15.c4 exd5
16.cxd5 b6 17.Qc1 Kh7 18.Bb5 Qd8 19.Re1 Ba6 20.Ba4 Bb7 21.h4 Nd7 22.h5 Nf6
23.hxg6+ fxg6 24.Bc2 Ng4 25.Rb3 Qc7 26.g3 c4 27.Ra3 c3 28.Bf4 Qc5 29.Be3 Nxe3
30.Rxe3 b5 31.Ra1 b4 32.Kg2 a5 33.Qh1 Kg8 34.Qh3 Bc8 35.Qh4 a4 36.e5 b3 37.Bxg6 c2
38.Ng5 b2 39.Bf7+ Rxf7 40.Nxf7 Qxd5+  0-1

[Event "6th Foxwoods Open"]
[Site "Connecticut USA"]
[Date "2004.04.08"]
[Round "2"]
[White "Donaldson,J"]
[Black "Dougherty,M"]
[Result "0-1"]
[WhiteElo "2459"]
[BlackElo "2213"]

1.Nf3 Nf6 2.c4 c5 3.Nc3 e6 4.g3 Nc6 5.Bg2 d5 6.cxd5 Nxd5 7.O-O Be7 8.d4 O-O
9.Nxd5 exd5 10.dxc5 Bxc5 11.Bg5 Qb6 12.Rc1 Be6 13.Ne1 h6 14.Bd2 d4 15.Nd3 Bd6
16.Qa4 Rac8 17.b4 Ne5 18.Nc5 Bxc5 19.bxc5 Rxc5 20.Rb1 Rc4 21.Qa3 Qa6 22.Bb4 Qxa3
23.Bxa3 Rd8 24.Rxb7 Rc2 25.Be7 Rdc8 26.Rxa7 Rxe2 27.Ra4 d3 28.Rd4 Rcc2 29.Rd6 Ng4
30.Rxd3 Nxf2  0-1

[Event "FSIM April"]
[Site "Budapest HUN"]
[Date "2004.04.09"]
[Round "7"]
[White "Nagle,S"]
[Black "Thorarinsson,P"]
[Result "1/2-1/2"]
[WhiteElo "2375"]
[BlackElo "2278"]

1.Nf3 Nf6 2.c4 c5 3.Nc3 d5 4.d4 cxd4 5.Nxd5 Nxd5 6.cxd5 Qxd5 7.Qxd4 Qxd4
8.Nxd4 Bd7 9.e4 Nc6 10.Be3 e5 11.Nxc6 Bxc6 12.f3 Bd6 13.Kf2 Ke7 14.Bc4 Rhc8
15.Rhc1 Rc7 16.Rc2 Rac8 17.Bd3 b6 18.Rac1 Ba4 19.Rxc7+ Rxc7 20.Rxc7+ Bxc7
21.b4 Bd7 22.Bc4 Be6 23.Bxe6 Kxe6 24.b5 Bd6 25.Ke2 Ba3 26.Kd3 Kd6 27.Kc4 Bb2
28.a4 Ba3 29.f4 exf4 30.Bxf4+ Kd7 31.Kd5 Bb4 32.Bb8 Ba5 33.g4 g6 34.h4 h5
35.gxh5 gxh5 36.Ke5 Kc8 37.Bd6 Kd7 38.Ba3 Be1 39.Kf6 Bxh4+ 40.Kxf7 Bg3 41.Bb2 Kd6
42.Kf6 h4 43.e5+ Kd5 44.e6 h3 45.Kf5 h2 46.e7 h1=Q 47.e8=Q Qf3+ 48.Kg6 Qe4+
49.Qxe4+ Kxe4 50.Kf6 Kd5 51.Ke7 Kc4 52.Kd7 Kb3 53.Bd4 Kxa4 54.Kc6 Bf4 55.Bf2 Be5
56.Bxb6  1/2-1/2

[Event "42nd Doeberl Cup"]
[Site "Canberra AUS"]
[Date "2004.04.09"]
[Round "1"]
[White "Johansen,D"]
[Black "Rippis,T"]
[Result "1-0"]
[WhiteElo "2489"]
[BlackElo "2083"]

1.Nf3 Nf6 2.c4 c5 3.Nc3 d5 4.cxd5 Nxd5 5.g3 Nc6 6.Bg2 Nc7 7.O-O e5 8.a3 a5
9.d3 Be7 10.Nd2 Bd7 11.Nc4 O-O 12.a4 Rb8 13.Bxc6 Bxc6 14.Nxe5 Be8 15.Nc4 Ne6
16.Be3 b6 17.f4 f5 18.Bf2 g5 19.e3 Kh8 20.Qf3 Qxd3 21.Qd5 Qxd5 22.Nxd5 Bd8
23.Be1 Bc6 24.Bc3+ Kg8 25.Rfd1 Nd4 26.Bxd4 Bxd5 27.Be5  1-0

[Event "Pobeskydi Technomont Cup"]
[Site "Frydek Mistek CZE"]
[Date "2004.04.10"]
[Round "5"]
[White "Dambrauskas,V"]
[Black "Schwarz,D"]
[Result "0-1"]
[WhiteElo "2303"]
[BlackElo "2265"]

1.Nf3 c5 2.c4 Nf6 3.Nc3 d5 4.cxd5 Nxd5 5.g3 Nc6 6.Bg2 Nc7 7.a3 e5 8.O-O f6
9.e3 c4 10.b3 Be6 11.Bb2 Qd7 12.Re1 b5 13.bxc4 bxc4 14.Qc2 Rb8 15.Bf1 Bf5
16.Qc1 Na5 17.Ra2 Be7 18.e4 Bg4 19.Qd1 O-O 20.d4 cxd3 21.Re3 Nb3 22.Qxd3 Nd4
23.Nd2 Rfd8 24.Bc1 Nce6 25.Nd5 Bf8 26.h3 Nc5 27.Qc4 Be6 28.Rb2 Rbc8 29.Qa2 Nxe4
30.Nxe4 Bxd5 31.Qb1 Qc6 32.Rc3 Qa8 33.Bd3 Rxc3 34.Nxc3 Bxa3 35.Bxh7+ Kh8
36.Qg6 Nf3+ 37.Kf1 Bc4+ 38.Re2 Bxc1 39.Qh5 Bh6 40.Be4 Bxe2+ 41.Kxe2 Nd4+
42.Kf1 Qc8 43.Nd5 Qe6 44.Ne3 f5 45.Nxf5 Nxf5 46.Bxf5 Qf6 47.g4 Rf8 48.h4 Qf7  0-1

[Event "ch-city"]
[Site "Berlin GER"]
[Date "2004.04.11"]
[Round "3"]
[White "Held,Pe"]
[Black "Richter,Mic"]
[Result "0-1"]
[WhiteElo "2158"]
[BlackElo "2424"]

1.Nf3 c5 2.c4 Nf6 3.Nc3 b6 4.g3 Bb7 5.Bg2 e6 6.O-O Be7 7.Re1 d6 8.e4 Nbd7
9.d4 cxd4 10.Nxd4 Qb8 11.f4 h5 12.Nd5 exd5 13.exd5 Kf8 14.Nc6 Bxc6 15.dxc6 Nc5
16.c7 Qe8 17.Bxa8 Qxa8 18.Qe2 Ng8 19.Qf3 Qc8 20.Qc6 Ne6 21.Be3 h4 22.f5 Nxc7
23.Bf4 Qd8 24.g4 h3 25.Rad1 Ne8 26.b4 Rh4 27.Qf3 Ngf6 28.g5 Nh5 29.f6 gxf6
30.gxf6 Nexf6 31.Bg5 Rg4+ 32.Qxg4 Nxg4 33.Bxe7+ Qxe7 34.Rxe7 Kxe7 35.Rd3 Nf4
36.Rf3 Ne2+ 37.Kh1 Ke6  0-1

[Event "6th Foxwoods Open"]
[Site "Connecticut USA"]
[Date "2004.04.11"]
[Round "8"]
[White "Donaldson,J"]
[Black "Bartholomew,J"]
[Result "1/2-1/2"]
[WhiteElo "2459"]
[BlackElo "2327"]

1.Nf3 Nf6 2.c4 c5 3.Nc3 d5 4.cxd5 Nxd5 5.d4 cxd4 6.Qxd4 Nxc3 7.Qxc3 Nc6 8.e4 e6
9.a3 Bd7 10.Be2 Rc8 11.O-O Na5 12.Qd3 Ba4 13.Qxd8+ Rxd8 14.Be3 Nb3 15.Bd1 a6
16.Bxb3 Bxb3 17.Rfc1 Bd6 18.Bb6 Ra8 19.a4 e5 20.Bc7 Ke7 21.Bxd6+ Kxd6 22.Rc3 Be6
23.Rd1+ Ke7 24.Nxe5 Rac8 25.Rdc1 Rxc3 26.Rxc3 Rd8 27.Nd3 Bc4  1/2-1/2

[Event "ch-HUN U20"]
[Site "Budapest HUN"]
[Date "2004.04.12"]
[Round "8"]
[White "Banusz,T"]
[Black "Szabo,K"]
[Result "0-1"]
[WhiteElo "2379"]
[BlackElo "2336"]

1.Nf3 Nf6 2.c4 e6 3.Nc3 c5 4.g3 b6 5.Bg2 Bb7 6.O-O Be7 7.Re1 d6 8.e4 a6 9.d4 cxd4
10.Nxd4 Qc7 11.Be3 Nbd7 12.Rc1 O-O 13.f4 h5 14.h3 Rfe8 15.g4 hxg4 16.hxg4 Nh7
17.g5 g6 18.f5 Bxg5 19.Bxg5 Nxg5 20.fxg6 fxg6 21.Nf3 Qc5+ 22.Kh1 Nxf3 23.Qxf3 Kg7
24.Bh3 Rh8 25.Kg2 Raf8 26.Qg3 Ne5 27.Qe3 Nd3 28.Qxc5 Nf4+ 29.Kg3 Rxh3+ 30.Kg4 bxc5
31.Rf1 e5 32.Rxf4 Bc8+ 33.Rf5 Rhh8  0-1

[Event "Pobeskydi Technomont Cup"]
[Site "Frydek Mistek CZE"]
[Date "2004.04.12"]
[Round "9"]
[White "Dambrauskas,V"]
[Black "Holeksa,Z"]
[Result "1-0"]
[WhiteElo "2303"]
[BlackElo "2195"]

1.Nf3 Nf6 2.c4 e6 3.Nc3 c5 4.g3 b6 5.Bg2 Bb7 6.O-O Be7 7.d4 cxd4 8.Qxd4 O-O
9.e4 d6 10.b3 a6 11.Bb2 Nbd7 12.Rfd1 Qc7 13.h3 Rac8 14.Qe3 Rfe8 15.g4 Ne5
16.Nd4 Nfd7 17.Qg3 Nc5 18.h4 Qb8 19.Rd2 Qa8 20.Re1 Nc6 21.Nde2 Na7 22.Nf4 Bc6
23.Nh5 Qb8 24.Nd5 exd5 25.cxd5 Bd7 26.Nxg7 Rf8 27.Nf5 Rfe8 28.Nh6+ Kf8 29.Qf4 f5
30.Nxf5  1-0

[Event "ACP Blitz Prelim1"]
[Site "playchess.com INT"]
[Date "2004.04.12"]
[Round "11"]
[White "Pelletier,Y"]
[Black "Matveeva,S"]
[Result "1/2-1/2"]
[WhiteElo "2581"]
[BlackElo "2496"]

1.Nf3 Nf6 2.c4 c5 3.Nc3 e6 4.g3 b6 5.e4 Bb7 6.Qe2 Nc6 7.Bg2 d6 8.O-O Be7
9.Rd1 Nd4 10.Nxd4 cxd4 11.Nb5 e5 12.d3 a6 13.Na3 O-O 14.Nc2 Nd7 15.f4 b5
16.b3 bxc4 17.bxc4 Nc5 18.Bd2 Rb8 19.Rab1 Qd7 20.Nb4 Ba8 21.fxe5 dxe5 22.Nd5 Bd6
23.Bb4 Qa4 24.Bxc5 Bxc5 25.Bf3 Bc6 26.Kg2 Bd7 27.h3 Be6 28.Bg4 Qa5 29.Rb3  1/2-1/2

[Event "ACP Blitz Prelim2"]
[Site "playchess.com INT"]
[Date "2004.04.13"]
[Round "4"]
[White "Gustafsson,J"]
[Black "Notkin,M"]
[Result "1-0"]
[WhiteElo "2579"]
[BlackElo "2471"]

1.Nf3 Nf6 2.c4 c5 3.Nc3 e6 4.g3 b6 5.Bg2 Bb7 6.O-O Be7 7.d4 cxd4 8.Qxd4 O-O
9.Rd1 d6 10.Bg5 Nbd7 11.Nb5 d5 12.cxd5 Bxd5 13.Rac1 h6 14.Bf4 Bc5 15.Qd3 Ne4
16.Be3 a6 17.Nc3 Nxc3 18.Rxc3 Qe7 19.Bxc5 Nxc5 20.Qe3 Rfd8 21.b3 a5 22.Nd4 Bxg2
23.Kxg2 Qb7+ 24.Kg1 Rd7 25.Rdc1 Rad8 26.Nf3 Rd1+ 27.Kg2 Rxc1 28.Rxc1 Qd5
29.Rc4 Qb7 30.Rd4 Rxd4 31.Qxd4 Qc6 32.h4 f6 33.h5 Kf7 34.Qc4 Qd5 35.Qxd5 exd5
36.Nd4 Ne4 37.Kf3 Nc3 38.a4 Ne4 39.g4 Nc5 40.Ke3 Ke7 41.Nf5+ Kf7 42.Nd4 Ke7
43.Kf4 Kf7 44.f3 Nd7 45.Ke3 Nc5 46.Kd2 Ke7 47.Kc3 Kf7 48.Nf5 Ne6 49.Nd6+ Ke7
50.Nc8+ Kd7 51.Nxb6+ Kc6 52.Nc8 Kd7 53.Na7 Nf4 54.e3 Ne6 55.Nb5 Ng5 56.Nd4 Kd6
57.b4 axb4+ 58.Kxb4 Nf7 59.Nf5+ Kc6 60.Nxg7 Ne5 61.Nf5 Nxf3 62.Nxh6 Ne5 63.Kc3 Kc5
64.Ng8 Nxg4 65.h6 Ne5 66.Ne7 Nf7 67.h7 Nh8 68.Nf5 Ng6 69.a5 Kb5 70.Kd4 Kxa5
71.Kxd5 Kb6 72.Nh4 Nh8 73.Ke6 Kc7 74.Kxf6 Kd6 75.Kg7 Ke7 76.Kxh8 Kf8 77.e4  1-0

[Event "ACP Blitz Prelim3"]
[Site "playchess.com INT"]
[Date "2004.04.14"]
[Round "10"]
[White "Nielsen,PH"]
[Black "Belov,Vl"]
[Result "1-0"]
[WhiteElo "2628"]
[BlackElo "2543"]

1.Nf3 Nf6 2.c4 c5 3.Nc3 e6 4.g3 b6 5.Bg2 Bb7 6.O-O Be7 7.Re1 d6 8.e4 a6 9.d4 cxd4
10.Nxd4 Qc7 11.f4 Nbd7 12.e5 dxe5 13.fxe5 Ng8 14.Bxb7 Qxb7 15.Bf4 Rc8 16.Qe2 g5
17.Bd2 Bc5 18.Qf2 Nh6 19.Bxg5 Nf5 20.Be3 Nxe5 21.Nxf5 Nf3+ 22.Kf1 Nxe1 23.Bxc5 Qh1+
24.Ke2 Rxc5 25.Nd6+ Kd7 26.Rxe1 Re5+ 27.Nde4 Rxe4+ 28.Nxe4 Qxe4+ 29.Kd2 Qg6
30.Qd4+  1-0

[Event "Constantin Ungureanu Mem"]
[Site "Bucharest ROM"]
[Date "2004.04.16"]
[Round "2"]
[White "Ionescu,M"]
[Black "Ionescu,Co"]
[Result "1/2-1/2"]
[WhiteElo "2388"]
[BlackElo "2465"]

1.Nf3 Nf6 2.c4 c5 3.Nc3 e6 4.g3 b6 5.Bg2 Bb7 6.O-O a6 7.b3 d6 8.Bb2 Be7 9.e3 O-O
10.Qe2 Ra7 11.Rfd1  1/2-1/2

[Event "1st It Congress"]
[Site "Coventry ENG"]
[Date "2004.04.16"]
[Round "1"]
[White "Mansson,J"]
[Black "Greet,A"]
[Result "1/2-1/2"]
[WhiteElo "2085"]
[BlackElo "2319"]

1.Nf3 Nf6 2.c4 e6 3.Nc3 c5 4.g3 b6 5.Bg2 Bb7 6.O-O a6 7.Re1 d6 8.e4 Nbd7
9.d4 cxd4 10.Nxd4 Qc7 11.Be3 Be7 12.Rc1 O-O 13.f4 Rfe8 14.g4 h6 15.g5 hxg5
16.fxg5 Nh7 17.g6 Nhf8 18.gxf7+ Kxf7 19.Qf3+ Bf6 20.Rf1 Ne5 21.Qg3 Rac8 22.b3 Nfd7
23.Rcd1 Qb8 24.Bg5 Rh8 25.h4 Nc5 26.Bxf6 gxf6 27.Rxf6+ Kxf6 28.Rf1+ Ke7 29.Qg7+ Kd8
30.Qxh8+ Kc7 31.Qg7+ Ned7 32.Rf7 e5 33.Ne6+ Nxe6 34.Rxd7+ Kc6 35.Qf7 Rf8
36.Rxb7 Qxb7 37.Qxe6 Qg7 38.h5 Qg3 39.Qd5+ Kc7 40.Nd1 Qe1+ 41.Kh2 Qh4+ 42.Kg1 Qe1+
43.Kh2 Rf4 44.Bh3 Qe2+ 45.Kg1 Rf3 46.Bg2 Qe1+ 47.Kh2 Qg3+ 48.Kg1 Qe1+ 49.Kh2 Rf4
50.Bh3 Qe2+ 51.Kg1 Qxh5 52.Bg2 Qe2 53.Bh3 Qe1+ 54.Kh2 Qe2+ 55.Kg1 Rf3 56.Bg2 Qe1+
57.Kh2 Rf6 58.Qd3 Rh6+ 59.Bh3 Rg6 60.Bg2 Qh4+ 61.Kg1 Qe1+ 62.Kh2 Rg4 63.Qf1  1/2-1/2

[Event "ch-city"]
[Site "Berlin GER"]
[Date "2004.04.17"]
[Round "9"]
[White "Held,Pe"]
[Black "Haemmerlein,T"]
[Result "1/2-1/2"]
[WhiteElo "2158"]
[BlackElo "2167"]

1.Nf3 Nf6 2.c4 c5 3.Nc3 g6 4.e4 Bg7 5.d4 cxd4 6.Nxd4 d6 7.Be2 Nc6 8.Be3 O-O
9.O-O Bd7 10.Qd2 Ng4 11.Bxg4 Bxg4 12.Nd5 Bd7 13.Rab1 Ne5 14.b3 Ng4 15.Bg5 f6
16.Bh4 Bh6 17.Qe2 Ne5 18.h3 Nc6 19.Nc2 a6 20.a4 Rc8 21.Rbd1 Bg7 22.f4 Rf7
23.Bf2 Qf8 24.b4 f5 25.b5 axb5 26.axb5 Nb8 27.e5 dxe5 28.fxe5 e6 29.Nb6 Rc7
30.Rd6 f4 31.Nd4 f3 32.Nxf3 Qe8 33.Rfd1 Bf8 34.R6d3 Be7 35.Be3 Kg7 36.g4 Bc8
37.Ng5 Bxg5 38.Bxg5 Nd7 39.Nxd7 Rcxd7 40.Bf6+ Kg8 41.Rd6 Rxd6 42.Rxd6 Bd7
43.Qd2 Qc8 44.Qd4 Kf8 45.c5 Be8 46.Rd8 Rd7 47.Qf2 Rxd8 48.Bxd8+ Bf7 49.Qd4 Be8
50.Qd6+ Kg8 51.c6 bxc6 52.b6 c5 53.Bc7 c4 54.Qb4 Bc6 55.Qxc4 Bd5 56.Qb5 Qa8
57.Qf1 Qa3 58.Kh2 Qb2+ 59.Kg3 Qc3+ 60.Kh2  1/2-1/2

[Event "ACP Blitz Final"]
[Site "playchess.com INT"]
[Date "2004.04.17"]
[Round "1.3"]
[White "Lautier,J"]
[Black "Shipov,S"]
[Result "1/2-1/2"]
[WhiteElo "2680"]
[BlackElo "2593"]

1.c4 Nf6 2.Nc3 c5 3.Nf3 e6 4.d4 cxd4 5.Nxd4 Bb4 6.g3 O-O 7.Bg2 d5 8.cxd5 Nxd5
9.Bd2 Nxc3 10.bxc3 Be7 11.O-O Nd7 12.a4 Nc5 13.Be3 e5 14.Nb5 Bg4 15.Qc2 Qc8
16.Rfd1 Bf5 17.Qb2 Rd8 18.Rxd8+ Qxd8 19.c4 f6 20.a5 a6 21.Nc3 Rb8 22.Nd5 Bf8
23.Nb6 Be6 24.Bd5 Qe8 25.Qc2 Kh8 26.Rd1 Bh3 27.Bf3 Be6 28.Rd2 Rd8 29.Bd5 Bh3
30.Qd1 Be7 31.Qc2 Bf8 32.Qc3 Bg4 33.Kg2 Bh5 34.f3 Bg6 35.Bxc5 Bxc5 36.Bxb7 Rb8
37.Bxa6 Bxb6 38.axb6 Rxb6 39.Qa5 Rb8 40.Bb5 Qc8 41.c5 h6 42.c6 Ra8 43.Qb6 Rb8
44.Qc5 e4 45.c7 exf3+ 46.exf3 Rxb5 47.Qxb5 Qxc7 48.Qb4 Kh7 49.Qd4 Qc6 50.h4 Bh5
51.Qe4+ Qxe4 52.fxe4 Bg4 53.Kf2 Kg6 54.Ke3 Kf7 55.Rb2 Be6 56.Rb7+ Kf8 57.Kd4 Bg4
58.Kc5 Bh3 59.Kd6 Bg4 60.e5 fxe5 61.Kxe5 Bh3 62.Kf4 Be6 63.g4 Bd5 64.Rd7 Be6
65.Ra7 Bd5 66.Kf5 Bc4 67.Rc7 Bd3+ 68.Ke6 Kg8 69.Rc8+ Kh7 70.Ke7 Be2 71.g5 hxg5
72.hxg5 Kg6 73.Rc5 Bg4 74.Kf8 Bf5 75.Rxf5 Kxf5 76.Kxg7 Kxg5  1/2-1/2

[Event "Rapid"]
[Site "Beer Sheva ISR"]
[Date "2004.04.18"]
[Round "1"]
[White "Roiz,M"]
[Black "Vydeslaver,Ali"]
[Result "0-1"]
[WhiteElo "2563"]
[BlackElo "2448"]

1.Nf3 Nf6 2.c4 c5 3.Nc3 d5 4.cxd5 Nxd5 5.e3 Nxc3 6.bxc3 g6 7.Bb5+ Bd7 8.Qb3 Qb6
9.Bxd7+ Nxd7 10.Qa4 Bg7 11.Ba3 Qc7 12.O-O O-O 13.d4 a6 14.Rac1 b5 15.Qb3 Rac8
16.c4 b4 17.Bb2 a5 18.d5 a4 19.Qc2 Bxb2 20.Qxb2 Ra8 21.Rfe1 f6 22.Nd2 Rfb8
23.f4 b3 24.axb3 axb3 25.Ra1 Rxa1 26.Rxa1 Rb4 27.Ra3 Nb6 28.Rxb3 Nxc4 29.Qc3 Rxb3
30.Qxc4 Qa5 31.d6+ Kg7 32.Nxb3 Qe1+ 33.Qf1 Qxe3+ 34.Qf2 Qxb3  0-1

[Event "Constantin Ungureanu Mem"]
[Site "Bucharest ROM"]
[Date "2004.04.25"]
[Round "11"]
[White "Ionescu,M"]
[Black "Lupulescu,C"]
[Result "1-0"]
[WhiteElo "2388"]
[BlackElo "2556"]

1.Nf3 Nf6 2.c4 c5 3.Nc3 d5 4.cxd5 Nxd5 5.e4 Nb4 6.Bb5+ N8c6 7.d4 cxd4 8.a3 Qb6
9.Bxc6+ Nxc6 10.Nd5 Qd8 11.Bf4 e5 12.Bxe5 Bg4 13.Bxd4 f5 14.Qd3 Qd6 15.O-O-O O-O-O
16.Bc3 Qh6+ 17.Kb1 fxe4 18.Qxe4 Qe6 19.Qxe6+ Bxe6 20.Ne3 Re8 21.Nd4 Bd7 22.Rd2 Bc5
23.Rhd1 Nxd4 24.Bxd4 Bxd4 25.Rxd4 Bc6 26.R1d2 Rhf8 27.b4 Re7 28.Kb2 Ref7
29.f3 Re7 30.Nc4 Kc7 31.Na5 Ba4 32.Rc4+ Kb8 33.Nb3 Rfe8 34.Nc5 Re2 35.Rd4 Bc6
36.Kc3 R2e3+ 37.R4d3 Bb5 38.Rxe3 Rxe3+ 39.Nd3 Bxd3 40.Rxd3 Re2 41.Rd2 Re3+
42.Kc4 Kc7 43.a4 b6 44.h4 a6 45.h5 g6 46.hxg6 hxg6 47.Rd5 Re6 48.Rg5 Rd6
49.f4 Rf6 50.g3 Kc6 51.b5+ axb5+ 52.axb5+ Kd6 53.Kd4 Ke7 54.Ke4 Ke8 55.Re5+ Kd7
56.Kf3 Rd6 57.Kg4 Rd3 58.Kh4 Rd1 59.Kg5 Rd3 60.g4 Rg3 61.Re1 Rg2 62.Rc1  1-0

[Event "ch-LTU"]
[Site "Vilnius LTU"]
[Date "2004.04.29"]
[Round "10"]
[White "Zagorskis,D"]
[Black "Malisauskas,V"]
[Result "1/2-1/2"]
[WhiteElo "2470"]
[BlackElo "2525"]

1.Nf3 Nf6 2.c4 g6 3.Nc3 c5 4.d4 cxd4 5.Nxd4 Nc6 6.e4 d6 7.Be2 Nxd4 8.Qxd4 Bg7
9.Be3 O-O 10.Qd2 Qa5 11.f3 Be6 12.Rc1 Rfc8  1/2-1/2

[Event "22nd LIE-Open"]
[Site "Triesen LIE"]
[Date "2004.05.14"]
[Round "1"]
[White "Polzin,J"]
[Black "Mannion,S"]
[Result "0-1"]
[WhiteElo "1996"]
[BlackElo "2328"]

1.c4 Nf6 2.Nc3 c5 3.Nf3 b6 4.e3 g6 5.Be2 Bg7 6.O-O O-O 7.d4 d6 8.d5 e6 9.e4 exd5
10.exd5 Re8 11.Re1 Bf5 12.Bg5 a6 13.Qd2 Ra7 14.Bf1 Rae7 15.Rxe7 Qxe7 16.Re1 Qf8
17.Rxe8 Qxe8 18.Bf4 Qe7 19.Bd3 Bxd3 20.Qxd3 Nbd7 21.Qe3 Kf8 22.Bh6 Bxh6 23.Qxh6+ Ke8
24.h3 Ne5 25.Nxe5 Qxe5 26.Qd2 Ke7 27.Kf1 h5 28.Qc2 b5 29.cxb5 axb5 30.Nxb5 Nxd5
31.a4 Nb4 32.Qe2 Qxe2+ 33.Kxe2 d5 34.Kd2 Kd7 35.b3 Nc6 36.Nc3 Ke6 37.f4 Nd4
38.Nb5 Nxb5 39.axb5  0-1

[Event "5th IECC"]
[Site "Antalya TUR"]
[Date "2004.05.18"]
[Round "4"]
[White "Sargissian,G"]
[Black "Mastrovasilis,A"]
[Result "1-0"]
[WhiteElo "2614"]
[BlackElo "2488"]

1.c4 Nf6 2.Nc3 c5 3.Nf3 e6 4.g3 b6 5.Bg2 Bb7 6.O-O Be7 7.Re1 d5 8.cxd5 Nxd5
9.e4 Nxc3 10.bxc3 O-O 11.d4 cxd4 12.cxd4 Nd7 13.Bb2 Nf6 14.Ne5 Rc8 15.Qb3 Rc7
16.Rad1 Qa8 17.d5 exd5 18.exd5 Bc5 19.Re2 Re7 20.d6 Ree8 21.Bxb7 Qxb7 22.d7 Rd8
23.Qc3 Ne4 24.Qf3 Nd6 25.Qxb7 Nxb7 26.Nc6 Ra8 27.Be5 b5 28.Bc7 Bb6 29.Bxb6 axb6
30.Rde1 Nd8 31.Re8 Nxc6 32.Rxa8  1-0

[Event "29th Elekes Mem IM"]
[Site "Budapest HUN"]
[Date "2004.05.18"]
[Round "4"]
[White "Wendt,J"]
[Black "Berube,R"]
[Result "1/2-1/2"]
[WhiteElo "2304"]
[BlackElo "2193"]

1.Nf3 Nf6 2.c4 e6 3.Nc3 c5 4.d4 d5 5.cxd5 Nxd5 6.e4 Nxc3 7.bxc3 cxd4 8.cxd4 Bb4+
9.Bd2 Bxd2+ 10.Qxd2 O-O 11.Bc4 Nc6 12.O-O Na5 13.Bd3 b6 14.Rfe1 Bb7 15.Rad1 Rc8
16.d5 exd5 17.e5 Nc4 18.Qf4 h6 19.Qf5 g6 20.Qh3 Kg7 21.Nd4 Rc7 22.f4 Bc8
23.Qg3 Nb2 24.Rd2 Nxd3 25.Rxd3 Kh7 26.h3 Be6 27.Kh2 Qd7 28.Qe3 Bf5 29.Nxf5  1/2-1/2

[Event "TCh-NOR Final"]
[Site "Trondheim NOR"]
[Date "2004.05.19"]
[Round "1"]
[White "Ostenstad,B"]
[Black "Madsen,D"]
[Result "1-0"]
[WhiteElo "2492"]
[BlackElo "2287"]

1.c4 c5 2.Nf3 Nf6 3.Nc3 d5 4.cxd5 Nxd5 5.e3 Nxc3 6.bxc3 g6 7.d4 Bg7 8.Bb5+ Bd7
9.Be2 Nc6 10.O-O O-O 11.Rb1 Qc7 12.e4 Bg4 13.d5 Ne5 14.c4 Bxf3 15.gxf3 g5
16.Bxg5 Ng6 17.Kh1 Kh8 18.Rg1 b6 19.Be3 Be5 20.Qd2 Bxh2 21.Rg4 f5 22.Rxg6 hxg6
23.f4 fxe4 24.Kxh2 g5 25.Rg1 gxf4 26.Qc3+ Rf6 27.Bd4 f3+ 28.Be5 Kh7 29.Rg5 Qd8
30.Qe3 Qf8 31.Qxe4+  1-0

[Event "5th IECC"]
[Site "Antalya TUR"]
[Date "2004.05.20"]
[Round "5"]
[White "Yeke,S"]
[Black "Akesson,R"]
[Result "0-1"]
[WhiteElo "2238"]
[BlackElo "2476"]

1.c4 Nf6 2.Nc3 c5 3.Nf3 e6 4.g3 b6 5.Bg2 Bb7 6.O-O Be7 7.Re1 d6 8.e4 a6 9.d4 cxd4
10.Nxd4 Qc7 11.Be3 Nbd7 12.f4 O-O 13.Rc1 Rfe8 14.f5 Nf8 15.fxe6 fxe6 16.Rf1 Rac8
17.b3 Qb8 18.g4 h6 19.h4 N6h7 20.Nf3 b5 21.g5 bxc4 22.gxh6 Bf6 23.hxg7 Bxg7
24.Nd4 cxb3 25.axb3 Rc5 26.Qg4 Qd8 27.Nd5 Rxc1 28.Bxc1 Kh8 29.Be3 Qd7 30.Nf4 Nf6
31.Ng6+ Kg8 32.Qg3 Nxe4 33.Bxe4 Bxe4 34.Nxf8 Rxf8 35.Rxf8+ Kxf8 36.Qf4+ Bf5
37.Nxf5 exf5 38.h5 Be5 39.Qc4 f4 40.Bf2 Qg4+ 41.Kf1 Qd1+ 42.Kg2 Qxh5 43.Qc8+ Kg7
44.Bb6 Qe2+ 45.Kh3 Qf1+ 46.Kh4 Bf6+ 47.Kg4 Qg2+ 48.Kxf4 Bg5+  0-1